000 02164cam a2200385 a 4500
999 _c20696
_d20696
001 15557594
005 20170120114741.0
008 081215s2009 nyua bc 001 0 eng d
010 _a 2008943590
020 _a9780870707452
020 _a0870707450
035 _a(OCoLC)ocn276334214
040 _aBTCTA
_cBTCTA
_dYDXCP
_dBWX
_dOAC
_dNGA
_dCDX
_dUAB
_dDLC
042 _alccopycat
043 _an-us-ny
050 0 0 _aNC95
_b.M878 2009
110 2 _aMuseum of Modern Art (New York, N.Y.)
245 1 0 _aCompass in hand :
_bselections from the Judith Rothschild Foundation contemporary drawings collection /
_cChristian Rattemeyer.
246 3 0 _aSelections from the Judith Rothschild Foundation contemporary drawings collection
260 _aNew York :
_bMuseum of Modern Art :
_bDistributed in the U.S. by D.A.P./Distributed Art Publishers,
_cc2009.
300 _a317 p. :
_bcol. ill ;
_c30 cm.
500 _aCatalog of an exhibition held at the Museum of Modern Art, New York, Apr. 22-July 27, 2009.
500 _aThe Judith Rothschild Foundation contemporary drawings collection was acquired by the Museum of Modern Art, New York, in 2005.
504 _aIncludes bibliographical references and index.
505 2 _aForeword / Glenn D. Lowry -- Acknowledgments / Cornelia Butler -- Compass in hand : assessing drawing now / Christian Rattemeyer -- Harvey S. Shipley Miller and Gary Garrels / interviewed by Cornelia Butler and Christian Rattemeyer -- Plates -- Index -- Trustees of the Museum of Modern Art.
610 2 0 _aMuseum of Modern Art (New York, N.Y.)
_vExhibitions.
610 2 0 _aJudith Rothschild Foundation
_xArt collections
_vExhibitions.
650 0 _aDrawing
_y20th century
_vExhibitions.
650 0 _aDrawing
_zNew York (State)
_zNew York
_vExhibitions.
700 1 _aRattemeyer, Christian.
942 _2lcc
_cBOOKS
_hNC95 .M878 2009